Normal view
MARC view
- Salik, Muhammad Samrez
Entry Personal Name
001 - CONTROL NUMBER
- control field: 28645
003 - CONTROL NUMBER IDENTIFIER
- control field: NUST
005 - DATE AND TIME OF LATEST TRANSACTION
- control field: 20200227132725.0
008 - FIXED-LENGTH DATA ELEMENTS
- fixed length control field: 200227|| aca||aabn | a|a d
040 ## - CATALOGING SOURCE
- Original cataloging agency: NUST
- Transcribing agency: NUST
100 ## - HEADING--PERSONAL NAME
- Personal name: Salik, Muhammad Samrez
670 ## - SOURCE DATA FOUND
- Source citation: Work cat.: (NUST): Salik, Muhammad Samrez, Fighting Shadows:, 2019.
